000 00643nam a2200193Ia 4500
003 GCL
008 140319s9999 xx 000 0 ara d
040 _aGCL /
_cGCL
082 0 4 _a418.1
_bاا
100 1 _aابى زكريا يحيى بن زياد الفراء
245 1 0 _aالايام الليالى والشهور /
_cابى زكريا يحيى بن زياد الفراء
700 1 _aابراهيم الابيارى
260 _a[S.N] :
_bدار الكتاب المصرى ،
_c1980
300 _a143 ص
490 _a
650 0 4 _aاللغة العربية
650 0 4 _aالفاظ اللغة العربية
942 _2ddc
_cBK
999 _c37083
_d37083